Χρηματοδοτική συμπεριφορά των ξενοδοχείων πολυτελείας στην Ελλάδα : μεταπτυχιακή διατριβή
Saved in:
| Main Author: | |
|---|---|
| Corporate Author: | |
| Other Authors: | |
| Format: | Thesis Book |
| Language: | Greek |
| Published: |
2010
|
| Subjects: | |
| Online Access: | http://hdl.handle.net/11610/11543 |
| Tags: |
Add Tag
No Tags, Be the first to tag this record!
|
MARC
| LEADER | 00000cam a2200000 i 4500 | ||
|---|---|---|---|
| 001 | 1/13622 | ||
| 008 | 110609s2010 gre d | ||
| 035 | |l 10110270 | ||
| 040 | |a GR-MY-UA |b gre |e aacr | ||
| 041 | 0 | |a gre | |
| 082 | 0 | |a 647.9409495 |2 (22) | |
| 100 | 1 | |a Γιακούμας, Νικόλαος. | |
| 245 | 1 | 0 | |a Χρηματοδοτική συμπεριφορά των ξενοδοχείων πολυτελείας στην Ελλάδα : |b μεταπτυχιακή διατριβή / |c Γιακούμας Νικόλαος ; επιβλέπων καθηγητής: Δρ. Μπεκιάρης Μιχαήλ |
| 260 | |c 2010 | ||
| 300 | |a 43 σ.; |b διαγρ., πίν.; |c 30 εκ. | ||
| 502 | # | # | |a Διατριβή (μεταπτυχιακή) – Πανεπιστήμιο Αιγαίου, Χίος, 2010. |
| 504 | |a Περιλαμβάνει βιλιογραφία | ||
| 650 | 0 | 0 | |a Hotels |x Finance |z Greece. |
| 650 | 0 | 0 | |a Hotel management. |
| 650 | 0 | 0 | |a Hospitality industry |z Greece. |
| 650 | 0 | 0 | |a Corporations |x Finance. |
| 650 | 0 | 0 | |a Luxuries. |
| 650 | 0 | 0 | |a Dissertations, Academic |z Greece. |
| 700 | 0 | |4 ths |a Μπεκιάρης, Μιχάλης. | |
| 710 | 2 | |a Πανεπιστήμιο Αιγαίου |b Σχολή Επιστημών της Διοίκησης |b Τμήμα Διοίκησης Επιχειρήσεων |b Πρόγραμμα Μεταπτυχιακών Σπουδών "Σχεδιασμός, Διοίκηση και Πολιτική του Τουρισμού". | |
| 852 | |a INST |b CHIOS |c DIATR |e 20110609 |h 647.9409495 ΓΙΑ |p 005200031846 |q 005200031846 |t MTXE |y 23 | ||
| 852 | |a INST |b CHIOS |c DIATR |e 20110609 |h 647.9409495 ΓΙΑ |p 005200031847 |q 005200031847 |t MTXE |y 23 | ||
| 856 | |u http://hdl.handle.net/11610/11543 | ||
| 901 | |a BIBL2-2011-2 | ||
| 909 | |a Χ |b 148993 | ||
| 909 | |a Χ |b 148994 | ||
| 924 | |a ΓΙΑΚΟΥΜΑΣ |b ΝΙΚΟΛΑΟΣ |y ΧΙΟΣ |z 2010-09 | ||
| 970 | |a ΠΑΡΟΙΚΑΚΗ |b ΒΑΣΙΛΙΚΗ |z 2011/05/09 | ||